Cochons de fictions en images - Statistiques

Statistiques générales
  • Ce quiz a été pris 486 fois
  • Le résultat moyen est 6 sur 20
Statistiques - réponses
Par images Réponse % Correct
Peppa Pig
97%
Porcinet
92%
Babe
51%
Spider Cochon / Harry Crotteur / Plopper
48%
Peggy
45%
Porco Rosso
39%
Porky Pig
29%
Bayonne
26%
Tirelire
26%
Oolong
20%
Dédé
18%
Pua
18%
Gourmelet
16%
Rosita
15%
Hawk
14%
Naf Naf
13%
Dandinou
10%
Ton Ton
6%
Leonard
3%
Pey'j
1%
Aucun quiz correspondant
Distribution des résultats
% des personnes avec chaque résultat
Percentile par nombre de réponses
Votre historique - résultats
Vous n’avez pas pris ce quiz